Zwycięscy różnych lig sezonu 23/24. - Statystyki

Ogólne statystyki
  • Ten quiz został rozwiązany 64 razy
  • Średni wynik to 3 z 15
Statystyki odpowiedzi
Kraj Klub % Poprawnych
Anglia Manchester City
96%
Francja PSG
36%
Włochy Napoli
28%
Polska Jagiellonia Białystok
26%
Niderlandy/Holandia PSV
19%
Turcja Galatasaray
15%
Hiszpania CF Real Madryt
11%
Grecja AEK Ateny
9%
Serbia Crvena Zvezda
9%
Belgia Club Brugge
8%
Portugalia Sporting CP
8%
Chorwacja Dinamo Zagreb
4%
Niemcy Bayer 04 Leverkusen
2%
USA Inter Miami CF
0%
Austria SK Sturm Graz
0%
Nie znaleziono quizów pasujących do podanych kryteriów
Rozkład punktacji
Procent ludzi z każdym wynikiem
Percentyl według liczby udzielonych odpowiedzi
Twoja historia wyników
Nie rozwiązałeś tego quizu